|
|
|
|
| LEADER |
00834nam a2200205 a 4500 |
| 001 |
GR-MES4965 |
| 008 |
991111s1996 gr 000 b eng d |
| 020 |
|
|
|a 9608517656
|
| 040 |
|
|
|a GrPaTEI
|b gre
|c GR-PaULI
|
| 245 |
0 |
0 |
|a Hermis '96 :
|b Proceedings of the Third Hellenic-European Conference on Mathematics and Informatics.
|
| 260 |
|
|
|a Athens,
|c 1996
|
| 300 |
|
|
|a 756σελ. :
|b πιν.,σχεδ.
|
| 650 |
|
4 |
|a Ελλάδα
|
| 650 |
|
4 |
|a Μαθηματικά
|
| 650 |
|
4 |
|a Συνέδρια
|
| 710 |
2 |
|
|a Hellenic-European research on mathematics and informatics
|
| 942 |
|
|
|2 ddc
|
| 952 |
|
|
|0 0
|1 0
|2 ddc
|4 0
|6 511_800000000000000_LIP
|7 0
|9 269602
|a MSLG
|b MSLG
|c BSC
|d 2021-01-17
|e 24
|f 0
|g 0.00
|l 0
|o 511.8 LIP
|p 2420000006355
|r 2021-01-17 00:00:00
|t 1
|w 2021-01-17
|y BK15
|x 19991111 0 1
|x GrPaTEI
|
| 971 |
|
|
|a .b25760129
|b 15-04-20
|c 13-09-16
|
| 999 |
|
|
|c 155579
|d 155579
|